000 00500nam a2200169Ia 4500
008 220531s9999 xx 000 0 und d
041 _amar
100 _aभागवत वित आणि इतर
_936379
245 _aस्‍त्री जीवनाची गुंतागुंत
250 _a1ST
260 _bVikas
_c1994
300 _a97
542 _d31-03-1999
650 _aSociology
_936380
906 _d1998-1999
_d2018-2019
_eprice recovered
_f4709
999 _c22219
_d22219